000 00736nam a2200253 a 4500
001 BRCA_7714
005 20190320205947.0
008 300813s1929----fr-a######---#000-0#fre-#
041 _afre
044 _afr
050 4 _aNK2548
_b.J36 1929
100 1 _aJanneau, Charles Guillaume
_99245
245 1 0 _aLes meubles I
_bde l´art antique au style Louis XIV
_cpar Guillaume Janneau.
260 _aParís
_bE. Flammarion
_cc1929
300 _a63 p.
_bil., 56 láminas
_c22 cm.
440 0 _aLes Arts decoratifs
_919076
500 _aEjemplar igual a F140 (Tomo I)
500 _aVer también U53 y U54
500 _aU52
650 1 4 _aMuebles
_zFrancia
_919077
650 1 4 _aMuebles
_xHistoria
_94173
902 _aGFM
942 _2lcc
_cB
999 _c7388
_d7388